000 00510nam a2200157Ia 4500
008 240729s9999 xx 000 0 und d
022 _a1737-8176
245 0 _aInternational Journal of Modern Anthropology
260 _aTunisia
260 _bTunisian Association of Anthropology
650 _a History of Civilization
650 _aGeography. Anthropology. Recreation | Auxiliary sciences of history
856 _uhttps://doaj.org/toc/8de513034d64470fb9530b7a4ec9b2b8
942 _2ddc
942 _cDOAJEJ
999 _c70678
_d70678
945 _a1
_bMadushi Gamage
_c1
_dMadushi Gamage